An ontological and epistomological perspective of fuzzy set theory /

Bibliographic Details
Main Author: Turksen, I. Burhan, 1937-
Format: Book
Language:English
Published: Amsterdam ; Oxford : Elsevier, 2006.
Edition:1st ed.
Subjects:

MARC

Tag First Indicator Second Indicator Subfields
LEADER 00000cam a22000008a 4500
001 in00002103641
005 20151103051139.0
008 050413s2006 ne a f b 000 0 eng
015 |a GBA538060  |2 bnb 
016 7 |a 013189569  |2 Uk 
020 |a 0444518916 (hbk.) 
035 |a (OCoLC)ocm60320154 
040 |a UKM  |c UKM  |d BAKER  |d ORU  |d IXA  |d TXA  |d UtOrBLW 
049 |a TXAM 
082 0 4 |a 511.3223  |2 22 
090 |a QA248.5  |b .T87 2006 
100 1 |a Turksen, I. Burhan,  |d 1937- 
245 1 3 |a An ontological and epistomological perspective of fuzzy set theory /  |c I. Burhan Türkş̜en. 
250 |a 1st ed. 
263 |a 200507 
264 1 |a Amsterdam ;  |a Oxford :  |b Elsevier,  |c 2006. 
300 |a xxvii, 514 pages :  |b illustrations ;  |c 25 cm. 
336 |a text  |b txt  |2 rdacontent 
337 |a unmediated  |b n  |2 rdamedia 
338 |a volume  |b nc  |2 rdacarrier 
504 |a Includes bibliographical references and indexes. 
650 0 |a Fuzzy sets. 
994 |a C0  |b TXA 
948 |a cataloged  |b h  |c 2006/2/27  |d c  |e jlanham  |f 9:29:47 am 
999 |a MARS 
999 f f |s 4bb6a53c-371f-3dfa-9117-779d10233fe8  |i 6d21eef3-c79b-3dd3-b81d-d3e4ad82cad2  |t 0 
952 f f |p normal  |a Texas A&M University  |b College Station  |c Sterling C. Evans Library  |d Evans: Library Stacks  |t 0  |e QA248.5 .T87 2006  |h Library of Congress classification  |i unmediated -- volume  |m A14833190726 
998 f f |a QA248.5 .T87 2006  |t 0  |l Evans: Library Stacks